|
|
|
|
| LEADER |
00000cam a2200000 a 4500 |
| 001 |
vtls008915477 |
| 003 |
SK-MaSNL |
| 005 |
20260301022724.0 |
| 008 |
250313s1982 xo a e 000 0 slo |
| 020 |
|
|
|q (brož.)
|
| 035 |
|
|
|a LMAOSK14419
|
| 035 |
|
|
|a urn:nbn:sk:snk-amk3ao
|
| 035 |
|
|
|a urn:nbn:sk:snk-am0058ey
|
| 035 |
|
|
|a E4ED5943-B7B2-42B2-B004-6D46C114A03B
|
| 040 |
|
|
|a SNK
|b slo
|c SNK
|e AACR2
|
| 041 |
0 |
|
|a slo
|
| 044 |
|
|
|a xo
|c SK
|
| 072 |
|
7 |
|a 53
|x Fyzika
|2 konspekt
|
| 080 |
|
|
|a 535.8
|2 2001
|
| 080 |
|
|
|a (075.8)
|2 2001
|
| 100 |
1 |
|
|a Parulek, Ivan
|4 aut
|9 313879
|
| 245 |
1 |
0 |
|a Fyzika laserov
|b súbor prednášok
|n 2. časť
|p Teória lasera
|c Ivan Parulek
|
| 250 |
|
|
|a [1.] vyd.
|
| 260 |
|
|
|a Liptovský Mikuláš
|b Vysoká vojenská technická škola ČSSP
|c 1982
|
| 300 |
|
|
|a 88 s.
|b grafy
|c 30 cm
|
| 650 |
0 |
7 |
|a lasery
|2 SNKPH
|9 13696
|
| 655 |
|
7 |
|a učebnice vysokých škôl
|2 SNKPH
|9 70191
|
| 852 |
|
|
|a Slovenská národná knižnica
|
| 958 |
|
|
|a OND
|
| 999 |
|
|
|c 567819
|d 569749
|
| 952 |
|
|
|a SNK
|b SNK
|y PREZ
|7 0
|p 17A1084662
|o snkSB 86836/2
|i snk2014/13708
|8 1
|0 0
|1 0
|4 0
|d 2014-06-13
|f 1
|l 0
|r 2025-05-07 00:00:00
|w 2026-02-23
|
| 952 |
|
|
|a SNK
|b SNK
|y VYP
|7 0
|p 17A1090914
|o snkSB 86836/2 D1
|i snk2014/13709
|8 1
|0 0
|1 0
|4 0
|d 2014-06-13
|l 0
|r 2016-06-30 00:00:00
|w 2026-02-23
|